000 00706nam a2200229Ia 4500
001 15825
003 GE_BSU
008 181216s||||||||xx |||||||||||||| ||und||
040 _cGE_BSU
080 _a821.353.1-1
245 _aრჩეული
245 _bლექსები. პოემები
245 _cრედ.ე.ფალიანი. მხატვ.ნ.ჭურღულია
260 _aთბილისი
260 _bსაბჭ. საქართველო
260 _c1982
300 _a413გვ. : პორტრ. ; 20სმ
541 _h10 ლ.
653 _aლექსები. პოემები
653 _aრჩეული
942 _cBK
999 _c48922
_d48922